百貨店の店名 - Statistics

General Stats
  • This quiz has been taken 375 times
  • The average score is 104 of 175
Answer Stats
社名 店名 % Correct
京王百貨店 | 伊勢丹 | 小田急百貨店 新宿店
96%
新宿タカシマヤタイムズスクエア
96%
西武 池袋本店
91%
渋谷店
91%
渋谷東急フードショー
91%
東武百貨店 池袋店
91%
東急百貨店 渋谷ヒカリエ ShinQs
91%
松坂屋 名古屋店
90%
名鉄百貨店 名鉄百貨店本店
90%
近鉄パッセ
90%
京都店
89%
京都高島屋S.C.
89%
大阪店
87%
そごう 横浜店
86%
札幌三越
85%
丸井今井 札幌本店
85%
大宮店
85%
梅田店
85%
神戸店
85%
札幌店
85%
さっぽろ店
85%
津松菱 松菱百貨店
85%
阪急百貨店 うめだ本店
85%
神戸阪急
85%
阪神百貨店 梅田本店
85%
千葉店
84%
広島三越
83%
広島店
83%
岡山店
83%
天満屋 岡山本店
83%
藤崎 藤崎本店
82%
東武宇都宮百貨店 宇都宮店
82%
銀座三越
81%
仙台三越
81%
トキハ 本店
81%
山形屋 山形屋
81%
松屋 銀座
80%
奈良店
80%
新潟伊勢丹
78%
高松三越
77%
松山三越
77%
岩田屋三越 本店
77%
静岡伊勢丹
77%
上野店
77%
静岡店
77%
いよてつ高島屋
77%
船橋店
76%
三越 日本橋三越本店
75%
東京店
75%
福岡天神店
75%
富山店
75%
近鉄百貨店 本店
75%
阪急メンズ東京
75%
鶴屋百貨店 鶴屋百貨店
75%
高島屋 日本橋高島屋S.C.
75%
さくら野百貨店 青森本店
74%
京成百貨店 水戸京成百貨店
74%
高崎店
74%
川崎店
73%
柏高島屋ステーションモール
73%
スズラン 前橋店
73%
四日市店
73%
博多阪急
73%
宮崎山形屋
73%
福岡三越
72%
浦和店
72%
福井店
72%
秋田店
72%
ながの東急百貨店
72%
遠鉄百貨店 遠鉄百貨店
72%
金沢丸越百貨店 金沢エムザ
72%
浜屋百貨店 長崎浜屋
72%
井筒屋 小倉店
71%
岐阜店
70%
玉屋 佐賀玉屋
70%
川徳 パルクアベニュー・カワトク
69%
高知大丸
69%
和歌山店
69%
西宮阪急
69%
阪神・にしのみや
69%
函館店
68%
福山店
68%
下関店
67%
井上百貨店 井上本店
67%
倉敷店
67%
立川店
66%
うすい百貨店 うすい百貨店
66%
丸由 丸由百貨店
66%
立川高島屋S.C.
66%
グランデュオ 立川
65%
山口店
65%
弘前店
64%
町田店
64%
八戸店
63%
高槻店
63%
丸広百貨店 川越店
63%
高槻阪急スクエア
63%
山陽百貨店 山陽百貨店
63%
さいか屋 藤沢店
62%
あまがさき阪神
62%
ODAKYU 湘南 GATE
62%
所沢S.C.
61%
岡島 岡島
59%
佐世保玉屋
59%
リウボウインダストリー デパートリウボウ
59%
名古屋栄三越
57%
久留米店
57%
ひらかた店
57%
モール京橋店
57%
堺店
56%
米子しんまち天満屋
55%
JU米子高島屋
55%
大丸 心斎橋店
49%
宝塚阪急
49%
浅草
48%
芦屋店
47%
草津店
47%
別府店
47%
横須賀店
46%
八木橋 八木橋百貨店
46%
藤井大丸
44%
栃木市役所店
44%
きりしま国分山形屋
44%
上本町店
42%
橿原店
42%
吉祥寺店
41%
生駒店
41%
くずはモール店
39%
津山店
39%
玉川高島屋S.C.
39%
蒲田
37%
呉店
37%
聖蹟桜ヶ丘店
34%
京阪百貨店 守口店
34%
飯能店
32%
東大阪店
32%
加古川ヤマトヤシキ 加古川ヤマトヤシキ
32%
二子玉川東急フードショー
31%
北上店
28%
川内山形屋
27%
京急百貨店 京急百貨店
26%
大田原店
25%
上尾店
25%
大和百貨店 香林坊店
25%
千里阪急
25%
たまプラーザ店
24%
入間店
24%
星ヶ丘三越
22%
阪神・御影
22%
福屋 八丁堀本店
22%
ジェイアール京都伊勢丹
21%
川西阪急
20%
東戸塚S.C.
20%
日吉東急アベニュー
19%
広島駅前店
18%
洛西店
16%
ジェイアール名古屋タカシマヤ
16%
東松山店
15%
都筑阪急
15%
日南山形屋
15%
須磨店
13%
泉北店
13%
南浦和店
12%
五日市福屋
12%
すみのどう店
11%
丸ヨ池内 IKEUCHI GATE
11%
わさだタウン
10%
アイシティ21店
9%
福山ポートプラザ店
7%
丸栄 丸栄
3%
No matching quizzes found
Score Distribution
Percent of People with Each Score
Percentile by Number Answered
Your Score History
You have not taken this quiz